[Event "World Corporate East B"]
[Site "Chess.com INT"]
[Date "2021.02.20"]
[Round "5.5"]
[White "Kubicka, Anna"]
[Black "Iyer, Siddarth"]
[Result "1/2-1/2"]
[WhiteElo "2235"]
[BlackElo "1785"]
[PlyCount "130"]
[EventDate "2021.02.19"]
[EventType "team (rapid)"]
[EventRounds "7"]
[EventCountry "USA"]
[SourceTitle "EXT 2022"]
[Source "ChessBase"]
[SourceDate "2021.10.06"]
[SourceVersion "1"]
[SourceVersionDate "2021.10.06"]
[SourceQuality "1"]
[WhiteTeam "Samsung Electronics"]
[BlackTeam "L&T Electrical & Automation"]
[WhiteTeamCountry "POL"]
[BlackTeamCountry "IND"]

1. e4 e5 2. Nf3 Nc6 3. Bb5 a6 4. Ba4 Nf6 5. 0-0 Be7 6. Re1 b5 7. Bb3 d6 8. c3 0-0 9. h3 Nb8 10. d4 Nbd7 11. c4 Bb7 12. cxb5 axb5 13. d5 c6 14. dxc6 Bxc6 15. Nc3 Nc5 16. Bc2 Qc7 17. Bg5 Rfd8 18. Bxf6 Bxf6 19. Nd5 Bxd5 20. Qxd5 Ne6 21. Bb3 b4 22. Rac1 Qd7 23. g3 Nc5 24. Kg2 g6 25. Red1 Nxb3 26. Qxb3 Ra6 27. Qxb4 Rxa2 28. Rc2 Ra4 29. Qe1 Qb7 30. Re2 Rb4 31. Rdd2 Be7 32. Rc2 Rb8 33. Rcd2 Ra8 34. Qb1 Raa4 35. b3 Rxb3 36. Qd1 Rbb4 37. Rc2 Rxe4 38. Kh2 Rxe2 39. Qxe2 Re4 40. Qd3 Rb4 41. Qc3 Kg7 42. Nd2 Bf6 43. Qc6 Be7 44. Qc3 Bf6 45. Qc6 Qxc6 46. Rxc6 Rd4 47. Nc4 d5 48. Nd6 Rd2 49. Ne8+ Kf8 50. Nxf6 Rxf2+ 51. Kg1 Rd2 52. Nxh7+ Kg7 53. Ng5 f6 54. Rc7+ Kh6 55. Ne6 d4 56. Rc8 g5 57. g4 Rd3 58. Kg2 Rd2+ 59. Kg3 d3 60. Rd8 Rd1 61. Kg2 e4 62. Nc5 Re1 63. Nxd3 exd3 64. Rxd3 Re2+ 65. Kg3 Re5 1/2-1/2

[Event "Arctic Cup 3rd"]
[Site "Salekhard"]
[Date "2007.10.16"]
[Round "9"]
[White "Ivanov, Gleb E"]
[Black "Iyer, Siddarth"]
[Result "1-0"]
[WhiteElo "1956"]
[BlackElo "1825"]
[PlyCount "73"]
[EventDate "2007.10.08"]
[EventType "team-tourn"]
[EventRounds "11"]
[EventCountry "RUS"]
[SourceTitle "CBM 120 Extra"]
[Source "ChessBase"]
[SourceDate "2007.11.01"]
[SourceVersion "1"]
[SourceVersionDate "2007.11.01"]
[SourceQuality "1"]

1. Nf3 d5 2. d4 Nf6 3. e3 e6 4. b3 Nbd7 5. Bd3 Bd6 6. Bb2 c5 7. 0-0 0-0 8. Nbd2 b6 9. Ne5 Re8 10. f4 Nf8 11. Bb5 Bd7 12. Nxd7 N8xd7 13. g4 h6 14. Qf3 Nh7 15. Qh3 a6 16. Bd3 Ndf6 17. Kh1 Bf8 18. Rg1 g5 19. Raf1 Bg7 20. Nf3 Ne4 21. c3 Rf8 22. Qg2 Qc7 23. Ne5 Qb7 24. Bxe4 dxe4 25. Nc4 Nf6 26. h4 Nh7 27. Nd6 Qd5 28. Nxe4 gxh4 29. c4 Qd8 30. g5 hxg5 31. fxg5 cxd4 32. Nf6+ Kh8 33. Nxh7 Kxh7 34. g6+ Kh8 35. gxf7 Be5 36. Qg6 Bg3 37. Qh6# 1-0

[Event "Arctic Cup 3rd"]
[Site "Salekhard"]
[Date "2007.10.11"]
[Round "4"]
[White "Iyer, Siddarth"]
[Black "Yamszhchikov, Alexey"]
[Result "0-1"]
[WhiteElo "1825"]
[BlackElo "2095"]
[PlyCount "113"]
[EventDate "2007.10.08"]
[EventType "team-tourn"]
[EventRounds "11"]
[EventCountry "RUS"]
[SourceTitle "CBM 120 Extra"]
[Source "ChessBase"]
[SourceDate "2007.11.01"]
[SourceVersion "1"]
[SourceVersionDate "2007.11.01"]
[SourceQuality "1"]

1. e4 e6 2. d4 d5 3. e5 c5 4. c3 Nc6 5. Nf3 Bd7 6. Bd3 cxd4 7. cxd4 Qb6 8. 0-0 Nxd4 9. Nxd4 Qxd4 10. Nc3 Bb4 11. Nb5 Qxe5 12. Qg4 Ba5 13. Bf4 Qf6 14. Nd6+ Kf8 15. Nxb7 Bb6 16. Rae1 Nh6 17. Qg3 Nf5 18. Bxf5 Qxf5 19. Qa3+ Kg8 20. Bg3 h5 21. Qe7 Bc6 22. Rc1 Re8 23. Nd6 Rxe7 24. Nxf5 exf5 25. Rxc6 Re2 26. Rb1 g5 27. Kf1 Re6 28. Rxe6 fxe6 29. Be5 Rh7 30. Rd1 Rd7 31. Ke2 Kf7 32. f4 gxf4 33. Bxf4 Bc7 34. Bxc7 Rxc7 35. Rd2 Kf6 36. Kf3 Rc4 37. g3 Ke5 38. Ke3 d4+ 39. Kd3 Kd5 40. Rf2 Rc1 41. Kd2 Rh1 42. a4 a5 43. b3 e5 44. h4 Ke6 45. Kd3 Rd1+ 46. Kc2 Re1 47. Rf3 e4 48. Rf2 Re3 49. Rg2 Ke5 50. Kb2 d3 51. Kc3 Re1 52. Kd2 Rb1 53. Kc3 Rc1+ 54. Kb2 Rc5 55. Rd2 Kd4 56. Kb1 e3 57. Rg2 0-1